000 00408nam a2200181Ia 4500
001 18987
005 20260306171710.0
008 260306s9999||||xx |||||||||||||| ||und||
041 _aESP
082 _a658.7
_bZ68
100 _aZermati, Pierre
_eAUT
245 0 _aGestión de stocks
260 _c2004
300 _a350 páginas :
_ccm.
650 _aGEN
654 _aCAN
942 _cLIB
_dJUS
_fJUS
_2ddc
_n
999 _c18987
_d18987